|
|
|
|
| LEADER |
00000cab a2200000 a 4500 |
| 001 |
030198 |
| 003 |
UAHC_CL |
| 005 |
20170803123158.0 |
| 008 |
041104b xx j 000 1 spa |
| 040 |
|
|
|a UAHC_CL
|c UAHC_CL
|d UAHC_CL
|
| 100 |
1 |
|
|a Tuozzo, Celina
|
| 245 |
1 |
0 |
|a Construyendo la sexualidad del hombre popular, 1925-1935 /
|c Celina Tuozzo.
|
| 500 |
|
|
|a TUOZZO, Celina. Construyendo la sexualidad del hombre popular, 1925-1935, Dimensión Histórica de Chile. (13-14), 1997-1998, pp. 97-110
|
| 500 |
|
|
|a TUOZZO, Celina. Construyendo la sexualidad del hombre popular, 1925-1935, Dimensión Histórica de Chile. (13-14), 1997-1998, pp. 97-110
|
| 759 |
|
|
|a PP054
|
| 773 |
0 |
|
|t Dimensión histórica de Chile.
|w 030155
|
| 900 |
|
|
|a DIMENSION HISTORICA-13, 14/97, 98
|
| 942 |
|
|
|c REVA
|
| 952 |
|
|
|0 0
|1 0
|4 0
|6 DIMENSION_HISTORICA13_14_000000000000000_97_98
|7 0
|8 General
|9 59048
|a BC
|b BC
|c General
|d 2017-08-03
|l 0
|o DIMENSION HISTORICA-13, 14/97, 98
|p FICTICIO2200
|r 2019-01-08 00:00:00
|t 1
|w 2017-08-03
|y REVA
|
| 999 |
|
|
|c 30198
|d 30198
|